00277nam a2200097Ia 4500008004100000100001900041245004900060260004800109300001000157650001200167190216s9999||||xx |||||||||||||| ||und|| aKrishnan Arora 0aTelevision Fundamentals And Servicing Course bRadio Television Training Centre Agrac1985 a175 p aPhysics